000 00813cam a2200241 4500
001 ABS62180
008 000000n2000 000 0 eng u
035 _a(Sirsi) u105831
100 _aPearson, E.
245 _aYou take the high road...
260 _c2000
490 _aEstates Gazette
_v(0016) 22 April 2000, 128-129(2)
520 _aAn unco-ordinated approach to retail planning in Scotland has failed to direct developments into city centres particularly in Glasgow and Edinburgh. Criticises NPPG8 "National Planning Policy Guideline 8: Retailing and Town Centres"
590 _aABS
650 _aSCOTLAND
650 _aGLASGOW
650 _aEDINBURGH
650 _aRETAIL DEVELOPMENT
650 _aNPPG8
650 _aCITY CENTRES
690 _aPROPERTY-PROPERTY DEVELOPMENT
942 _n0
999 _c63373
_d63373